000 00510ntaaa2200193 4500
003 01
005 20251027203114.0
008 0714s1973 ag 01
040 _aAR-BaBN
_bspa
_cAR-BaBN
_eaacr
_dRIC
082 _a268.4330 H99m
100 _aHyuk, Baik Nam
_932526
245 _aEl maestro
250 _a1 ed. :
_bSITB,
_c2001
300 _a63 p ;
_c28 cm
500 _aBibliografia: p.62-63. Contiene Notas y referencias bibliograficas
650 _aAdolescencia
650 _aEnsenanza
_92886
942 _cBK
999 _c26473
_d26473